Central Library OPAC University of Rajshahi

উৎপাদনব্যয় হিসাবনিকাশ / (Record no. 52952)

MARC details
000 -LEADER
fixed length control field 00811nam a2200229 a 4500
001 - CONTROL NUMBER
control field 52952
003 - CONTROL NUMBER IDENTIFIER
rucl marc code BD-RjUL
005 - DATE AND TIME OF LATEST TRANSACTION
control field 20211209075903.0
008 - FIXED-LENGTH DATA ELEMENTS--GENERAL INFORMATION
fixed length control field 161001m19741971bg ||||| |||| 00| 0 ben d
020 ## - INTERNATIONAL STANDARD BOOK NUMBER
Terms of availability Tk. 12.50
035 ## - SYSTEM CONTROL NUMBER
System control number (BD-RjUL)53072
040 ## - CATALOGING SOURCE
Original cataloging agency BD-RjUL
Language of cataloging ben
Transcribing agency BD-RjUL
041 ## - LANGUAGE CODE
Language code of text/sound track or separate title ben
082 ## - DEWEY DECIMAL CLASSIFICATION NUMBER
Edition number 23
Classification number 657.4
Author mark and year MOU 1974
100 ## - MAIN ENTRY--PERSONAL NAME
Personal name মন্ডল, এম.এ.
9 (RLIN) 158309
245 ## - TITLE STATEMENT
Title উৎপাদনব্যয় হিসাবনিকাশ /
Statement of responsibility, etc. এম.এ.মন্ডল
260 ## - PUBLICATION, DISTRIBUTION, ETC. (IMPRINT)
Place of publication, distribution, etc. রাজশাহী :
Name of publisher, distributor, etc. মিসেস আখতার বানু ,
Date of publication, distribution, etc. ১৯৭৪
300 ## - PHYSICAL DESCRIPTION
Pagination vii, ২৫৫ পৃ. :
Illustrations চিত্র ;
Size ২১ সেমি.
650 ## - SUBJECT ADDED ENTRY--TOPICAL TERM
Topical term or geographic name as entry element ব্যয় হিসাবনিকাশ
9 (RLIN) 158310
Topical term or geographic name as entry element Cost accounting
9 (RLIN) 158311
942 ## - ADDED ENTRY ELEMENTS (KOHA)
Source of classification or shelving scheme Dewey Decimal Classification
Koha item type Books
Holdings
Lost status Source of classification or shelving scheme Damaged status Not for loan Collection code Permanent Location Current Location Shelving location Date acquired Source of acquisition Cost, normal purchase price Total Checkouts Full call number Date last seen Copy number Koha item type
  Dewey Decimal Classification     Non-fiction Central Library, University of Rajshahi Central Library, University of Rajshahi   02/04/1974 Rajshahi book mart 12.50   B 657.4 MOU 1974 01/10/2016 C-2 Books
  Dewey Decimal Classification     Non-fiction Central Library, University of Rajshahi Central Library, University of Rajshahi   18/06/1991 N/A     B 657.4 MOU 1974 02/10/2016 C-3 Books